书目信息 |
| 题名: |
中国广播电影电视发展报告
|
|
| 作者: | 祝燕南, 主编 ;中国 编著 | |
| 分册: | 2018 | |
| 出版信息: | 北京 中国广播影视出版社 2018 |
|
| 页数: | 413页 | |
| 开本: | 24cm | |
| 丛书名: | 2018广电蓝皮书 | |
| 单 册: | ||
| 中图分类: | G229.2 , J992 | |
| 科图分类: | ||
| 主题词: | 广播事业--Guang Bo Shi Ye--研究报告--中国--2018 , 电影事业--Dian Ying Shi Ye--研究报告--中国--2018 , 电视事业--Dian Shi Shi Ye--研究报告--中国--2018 | |
| 电子资源: | ||
| ISBN: | 978-7-5043-8156-9 | |
| 000 | 01590nam 2200325 45 | |
| 001 | 012001009483 | |
| 005 | 20191107110826.89 | |
| 010 | @a978-7-5043-8156-9@dCNY98.00 | |
| 099 | @aCAL 012019049774 | |
| 100 | @a20190418d2018 em y0chiy50 ea | |
| 101 | 0 | @achi |
| 102 | @aCN@b110000 | |
| 105 | @aak z 000yy | |
| 106 | @ar | |
| 200 | 1 | @a中国广播电影电视发展报告@AZhong Guo Guang Bo Dian Ying Dian Shi Fa Zhan Bao Gao@h2018@d= Annual report on development of China's radio, film and television@h2018@f国家广播电视总局发展研究中心编著@g主编祝燕南@zeng |
| 210 | @a北京@c中国广播影视出版社@d2018 | |
| 215 | @a413页@c图@d24cm | |
| 225 | 2 | @a2018广电蓝皮书@A2018 Guang Dian Lan Pi Shu |
| 330 | @a本书由“专题研究”“发展报告”“发展亮点报告”三部分构成,全方位涵盖当下广电领域热点,紧扣政策导向和行业发展脉搏,全面总结中国广播影视改革发展最新情况和经验,分析和前瞻媒体发展的最新形势,展望新阶段中国广电改革发展的新目标新举措,为广电创新创优和媒体融合发展提供决策参考和智力支持。 | |
| 410 | 0 | @12001 @a2018广电蓝皮书 |
| 510 | 1 | @aAnnual report on development of China's radio, film and television@h2018@zeng |
| 606 | 0 | @a广播事业@AGuang Bo Shi Ye@x研究报告@y中国@z2018 |
| 606 | 0 | @a电影事业@ADian Ying Shi Ye@x研究报告@y中国@z2018 |
| 606 | 0 | @a电视事业@ADian Shi Shi Ye@x研究报告@y中国@z2018 |
| 690 | @aG229.2@v5 | |
| 690 | @aJ992@v5 | |
| 701 | 0 | @a祝燕南,@f1965-@4主编@Azhu yan nan |
| 712 | 01 | @a中国@Azhong guo@b国家广播电视总局@Bguo jia guang bo dian shi zong ju@b发展研究中心@4编著 |
| 801 | 0 | @aCN@b上海新华@c20191020 |
| 905 | @b1188368-71@dG229.2@e220(2018)@f4 | |
| 中国广播电影电视发展报告.2018= Annual report on development of China's radio, film and television.2018/国家广播电视总局发展研究中心编著/主编祝燕南.-北京:中国广播影视出版社,2018 |
| 413页:图;24cm.-(2018广电蓝皮书) |
| ISBN 978-7-5043-8156-9:CNY98.00 |
| 本书由“专题研究”“发展报告”“发展亮点报告”三部分构成,全方位涵盖当下广电领域热点,紧扣政策导向和行业发展脉搏,全面总结中国广播影视改革发展最新情况和经验,分析和前瞻媒体发展的最新形势,展望新阶段中国广电改革发展的新目标新举措,为广电创新创优和媒体融合发展提供决策参考和智力支持。 |
| ● |
| 相关链接 |
|
|
|
|
正题名:中国广播电影电视发展报告
索取号:G229.2/220(2018)
 
预约/预借
| 序号 | 登录号 | 条形码 | 馆藏地/架位号 | 状态 | 备注 |
| 1 | 1188368 | 211883684 | 第一样本阅览室/ [索取号:G229.2/220(2018)] | 在馆 | |
| 2 | 1188369 | 211883693 | 第四借阅区/ [索取号:G229.2/220(2018)] | 在馆 | |
| 3 | 1188370 | 211883700 | 第四借阅区/ [索取号:G229.2/220(2018)] | 在馆 | |
| 4 | 1188371 | 211883719 | 第四借阅区/ [索取号:G229.2/220(2018)] | 在馆 |